[Event "Thüringenliga 2025/26"]
[Site "?"]
[Date "2025.10.26"]
[Round "2.4"]
[White "Huster, Mike"]
[Black "Rohmeiß, Roberto"]
[Result "1/2-1/2"]
[WhiteElo "1906"]
[BlackElo "1968"]
[WhiteFideId "-1"]
[BlackFideId "-1"]
[PlyCount "53"]
[GameId "546725779648"]
[EventDate "2025.09.14"]
[EventType "team-tourn"]
[EventRounds "9"]
[SourceTitle "Thueringer Schachbund"]
[Source "ThSB"]
[SourceDate "2025.09.14"]
[SourceVersion "1"]
[SourceVersionDate "2025.09.14"]
[SourceQuality "1"]
[WhiteTeam "VfL 1990 Gera"]
[BlackTeam "TSG Apolda"]

1. d4 Nf6 2. Nf3 e6 3. c4 b6 4. g3 Bb7 5. Bg2 Be7 6. O-O O-O 7. Nc3 Ne4 8. Qc2 Nxc3 9. Qxc3 f5 10. a3 Bf6 11. Qd2 d6 12. Rd1 Qe7 13. b4 a5 14. Bb2 Nd7 15. Bc3 a4 16. Ne1 Bxg2 17. Nxg2 b5 18. c5 d5 19. f3 c6 20. Qd3 g6 21. e4 fxe4 22. fxe4 Bg5 23. e5 Rf7 24. h4 Bh6 25. Bd2 Bxd2 26. Qxd2 Raf8 27. Rf1 1/2-1/2

[Event "Thüringenliga 2025/26"]
[Site "?"]
[Date "2025.10.26"]
[Round "2.5"]
[White "Schmidt, Matthias"]
[Black "Schönfeld, Volker"]
[Result "1/2-1/2"]
[WhiteElo "1932"]
[BlackElo "1846"]
[WhiteFideId "-1"]
[BlackFideId "-1"]
[PlyCount "54"]
[GameId "546725779649"]
[EventDate "2025.09.14"]
[EventType "team-tourn"]
[EventRounds "9"]
[SourceTitle "Thueringer Schachbund"]
[Source "ThSB"]
[SourceDate "2025.09.14"]
[SourceVersion "1"]
[SourceVersionDate "2025.09.14"]
[SourceQuality "1"]
[WhiteTeam "TSG Apolda"]
[BlackTeam "VfL 1990 Gera"]

1. e4 c6 2. d4 d5 3. Nc3 dxe4 4. Nxe4 Bf5 5. Ng3 Bg6 6. Nh3 e6 7. Nf4 Bd6 8. c3 Nf6 9. Bc4 Qc7 10. Qf3 Nbd7 11. O-O Nd5 12. Bxd5 cxd5 13. Re1 O-O 14. Bd2 Nf6 15. Nxg6 hxg6 16. Re2 Bxg3 17. hxg3 Ne4 18. Bf4 Qc4 19. a3 b5 20. Qe3 a5 21. f3 Nf6 22. Kf2 Rfc8 23. Be5 b4 24. axb4 axb4 25. Rxa8 Rxa8 26. Bd6 bxc3 27. bxc3 Ra2 1/2-1/2

[Event "Thüringenliga 2025/26"]
[Site "?"]
[Date "2025.10.26"]
[Round "2.6"]
[White "Drechsel, Uwe"]
[Black "Walther, Cliff"]
[Result "0-1"]
[WhiteElo "1866"]
[BlackElo "1973"]
[WhiteFideId "-1"]
[BlackFideId "-1"]
[PlyCount "79"]
[GameId "546725779650"]
[EventDate "2025.09.14"]
[EventType "team-tourn"]
[EventRounds "9"]
[SourceTitle "Thueringer Schachbund"]
[Source "ThSB"]
[SourceDate "2025.09.14"]
[SourceVersion "1"]
[SourceVersionDate "2025.09.14"]
[SourceQuality "1"]
[WhiteTeam "VfL 1990 Gera"]
[BlackTeam "TSG Apolda"]

1. e4 c5 2. Nf3 d6 3. c3 Qa5 4. Na3 Nf6 5. e5 dxe5 6. Nc4 Qc7 7. Ncxe5 e6 8. d4 Bd6 9. Bd3 Nc6 10. Nxc6 bxc6 11. dxc5 Bxc5 12. O-O h6 13. b4 Bd6 14. c4 Bxb4 15. Bb2 Bd6 16. Qa4 Bd7 17. c5 Bxc5 18. Rac1 Bd6 19. Qh4 Be7 20. Be5 Qa5 21. Rfe1 c5 22. Bc3 Qc7 23. Ne5 a6 24. Nxd7 Qxd7 25. Qh3 O-O 26. g4 Nd5 27. Bd2 Nb4 28. Bxb4 cxb4 29. Rcd1 Qa7 30. Bc4 Rad8 31. Qf3 a5 32. Rxd8 Rxd8 33. Rd1 Rxd1+ 34. Qxd1 a4 35. Kg2 Bf6 36. Qf3 b3 37. axb3 a3 38. b4 a2 39. Bxa2 Qxa2 40. Qc6 0-1

[Event "Thüringenliga 2025/26"]
[Site "?"]
[Date "2025.10.26"]
[Round "2.7"]
[White "Stolz, Markus"]
[Black "Pekrul, Jürgen"]
[Result "0-1"]
[WhiteElo "1721"]
[BlackElo "1786"]
[WhiteFideId "-1"]
[BlackFideId "-1"]
[PlyCount "74"]
[GameId "546725779651"]
[EventDate "2025.09.14"]
[EventType "team-tourn"]
[EventRounds "9"]
[SourceTitle "Thueringer Schachbund"]
[Source "ThSB"]
[SourceDate "2025.09.14"]
[SourceVersion "1"]
[SourceVersionDate "2025.09.14"]
[SourceQuality "1"]
[WhiteTeam "TSG Apolda"]
[BlackTeam "VfL 1990 Gera"]

1. Nf3 d5 2. d4 Nf6 3. Bf4 e6 4. e3 Bd6 5. Bg3 O-O 6. Bd3 c5 7. c3 c4 8. Bc2 b5 9. Nbd2 Bb7 10. Qe2 a5 11. e4 dxe4 12. Nxe4 Bxg3 13. hxg3 Nbd7 14. Nd6 Bxf3 15. gxf3 Qb6 16. Ne4 Rfe8 17. f4 Rac8 18. Ng5 h6 19. Nf3 b4 20. Ba4 Qb7 21. O-O Red8 22. Ne5 Nb6 23. Bc2 bxc3 24. bxc3 Nbd5 25. Qd2 Qa6 26. a4 Rd6 27. f3 Rb6 28. Rfb1 Rcb8 29. Rxb6 Rxb6 30. Kg2 Qc8 31. Ra2 g6 32. Ng4 Nxg4 33. fxg4 Qb7 34. Kf2 Rb2 35. Ra3 Qe7 36. Ra1 Qb7 37. Ra3 Nf6 0-1

[Event "Thüringenliga 2025/26"]
[Site "?"]
[Date "2025.10.26"]
[Round "2.8"]
[White "Loos, Tilda"]
[Black "Siegl, Detlef"]
[Result "1-0"]
[WhiteElo "1845"]
[BlackElo "1715"]
[WhiteFideId "-1"]
[BlackFideId "-1"]
[PlyCount "65"]
[GameId "546725779652"]
[EventDate "2025.09.14"]
[EventType "team-tourn"]
[EventRounds "9"]
[SourceTitle "Thueringer Schachbund"]
[Source "ThSB"]
[SourceDate "2025.09.14"]
[SourceVersion "1"]
[SourceVersionDate "2025.09.14"]
[SourceQuality "1"]
[WhiteTeam "VfL 1990 Gera"]
[BlackTeam "TSG Apolda"]

1. Nf3 Nf6 2. b3 g6 3. Bb2 Bg7 4. g3 O-O 5. Bg2 d5 6. e3 Nc6 7. O-O Bg4 8. d4 Qd7 9. c4 Bh3 10. Nc3 Bxg2 11. Kxg2 e6 12. cxd5 exd5 13. Ne5 Nxe5 14. dxe5 Ng4 15. Nxd5 Qe6 16. Nxc7 Qc6+ 17. Nd5 Rad8 18. Qxg4 Qxd5+ 19. Qf3 Qb5 20. Rfd1 Rfe8 21. Rxd8 Rxd8 22. Rc1 Qd7 23. Bd4 b6 24. Qc6 Qe7 25. Qc7 Rd7 26. Qc8+ Rd8 27. Rc7 Qe8 28. Qb7 Qe6 29. Re7 Qd5+ 30. Qxd5 Rxd5 31. Re8+ Bf8 32. Bb2 Ra5 33. a4 1-0

[Event "Thüringenliga 2025/26"]
[Site "?"]
[Date "2025.10.26"]
[Round "2.1"]
[White "Zehnter, Sebastian"]
[Black "Darr, Sascha"]
[Result "1/2-1/2"]
[WhiteElo "2284"]
[BlackElo "2069"]
[WhiteFideId "-1"]
[BlackFideId "-1"]
[PlyCount "80"]
[GameId "546724980329"]
[EventDate "2025.09.14"]
[EventType "team-tourn"]
[EventRounds "9"]
[SourceTitle "Thueringer Schachbund"]
[Source "ThSB"]
[SourceDate "2025.09.14"]
[SourceVersion "1"]
[SourceVersionDate "2025.09.14"]
[SourceQuality "1"]
[WhiteTeam "Ilmenauer SV"]
[BlackTeam "fuß brothers Jena"]

1. d4 Nf6 2. Nf3 d5 3. c4 e6 4. e3 c6 5. b3 Nbd7 6. Bb2 Be7 7. Bd3 O-O 8. Nbd2 c5 9. O-O dxc4 10. bxc4 b6 11. Qe2 Bb7 12. Rad1 cxd4 13. exd4 Re8 14. Rfe1 Qc7 15. a3 Rac8 16. Rc1 Qb8 17. Ng5 Bd6 18. Ndf3 Bf4 19. Rc2 Qa8 20. Ne4 Nxe4 21. Bxe4 Bxe4 22. Qxe4 Qxe4 23. Rxe4 Bd6 24. g3 Red8 25. Rc1 Rc7 26. Re2 Kf8 27. Rec2 Rdc8 28. Kf1 Be7 29. Nd2 Nf6 30. Ke2 Ke8 31. f3 Kd7 32. Kd3 Ne8 33. Ne4 f5 34. Nd2 Bg5 35. f4 Bf6 36. Nf3 Nd6 37. a4 Nb7 38. Nd2 Na5 39. Ba3 h6 40. h4 h5 1/2-1/2

[Event "Thüringenliga 2025/26"]
[Site "?"]
[Date "2025.10.26"]
[Round "2.2"]
[White "Zipfel, Frank"]
[Black "Ziganshin, Ainur"]
[Result "0-1"]
[WhiteElo "1976"]
[BlackElo "2234"]
[WhiteFideId "-1"]
[BlackFideId "-1"]
[PlyCount "69"]
[GameId "546725061213"]
[EventDate "2025.09.14"]
[EventType "team-tourn"]
[EventRounds "9"]
[SourceTitle "Thueringer Schachbund"]
[Source "ThSB"]
[SourceDate "2025.09.14"]
[SourceVersion "1"]
[SourceVersionDate "2025.09.14"]
[SourceQuality "1"]
[WhiteTeam "fuß brothers Jena"]
[BlackTeam "Ilmenauer SV"]

1. e4 c6 2. d4 d5 3. e5 Bf5 4. h4 h5 5. Bd3 Bxd3 6. Qxd3 Qa5+ 7. Nd2 e6 8. Ngf3 Nh6 9. O-O Nf5 10. c4 Be7 11. g3 Qa6 12. Qc2 Nd7 13. b3 O-O 14. Rd1 Rac8 15. Nf1 c5 16. cxd5 cxd4 17. Qd2 exd5 18. Bb2 Qg6 19. Bxd4 Bxh4 20. Nxh4 Nxh4 21. Qf4 Nf5 22. Bxa7 b6 23. Rxd5 Qe6 24. Rad1 Rc7 25. Qa4 Nc5 26. Qa3 Rd7 27. Rxd7 Nxd7 28. Qa4 Nxe5 29. Qe4 h4 30. Rd5 Re8 31. f4 Nxg3 32. Nxg3 Qg4 33. Rxe5 Rxe5 34. fxe5 Qxg3+ 35. Kf1 {ZÜ} 0-1

[Event "Thüringenliga 2025/26"]
[Site "?"]
[Date "2025.10.26"]
[Round "2.3"]
[White "Rauch, Arwid"]
[Black "Wicklein, Stefan"]
[Result "1/2-1/2"]
[WhiteElo "1704"]
[BlackElo "1990"]
[WhiteFideId "-1"]
[BlackFideId "-1"]
[PlyCount "78"]
[GameId "546725076721"]
[EventDate "2025.09.14"]
[EventType "team-tourn"]
[EventRounds "9"]
[SourceTitle "Thueringer Schachbund"]
[Source "ThSB"]
[SourceDate "2025.09.14"]
[SourceVersion "1"]
[SourceVersionDate "2025.09.14"]
[SourceQuality "1"]
[WhiteTeam "Ilmenauer SV"]
[BlackTeam "fuß brothers Jena"]

1. e4 c5 2. c3 d5 3. exd5 Qxd5 4. d4 Nf6 5. Nf3 e6 6. Be2 cxd4 7. cxd4 Nc6 8. O-O Be7 9. Nc3 Qd6 10. h3 O-O 11. Nb5 Qd8 12. Bf4 Nd5 13. Bg3 b6 14. Rc1 Bb7 15. Qd2 a6 16. Nc3 Rc8 17. Nxd5 Qxd5 18. a3 b5 19. b4 Rfd8 20. Rfd1 Bf6 21. Rc5 Qd7 22. d5 exd5 23. Rxd5 Qe6 24. Rxd8+ Rxd8 25. Qc2 Nd4 26. Nxd4 Rxd4 27. Rxd4 Bxd4 28. Qd1 Bf6 29. Bg4 Qc6 30. Bf3 Qc8 31. Bxb7 Qxb7 32. Be5 Qe7 33. Bxf6 Qxf6 34. Qc1 g6 35. g3 Kg7 36. Kg2 h6 37. Qe3 Qa1 38. Qd3 h5 39. h4 Qb2 1/2-1/2

[Event "Thüringenliga 2025/26"]
[Site "?"]
[Date "2025.10.26"]
[Round "2.4"]
[White "Latka, Richard"]
[Black "Jung, Timo"]
[Result "0-1"]
[WhiteElo "1944"]
[BlackElo "1607"]
[WhiteFideId "-1"]
[BlackFideId "-1"]
[PlyCount "108"]
[GameId "546725091184"]
[EventDate "2025.09.14"]
[EventType "team-tourn"]
[EventRounds "9"]
[SourceTitle "Thueringer Schachbund"]
[Source "ThSB"]
[SourceDate "2025.09.14"]
[SourceVersion "1"]
[SourceVersionDate "2025.09.14"]
[SourceQuality "1"]
[WhiteTeam "fuß brothers Jena"]
[BlackTeam "Ilmenauer SV"]

1. e4 c5 2. Nf3 Nc6 3. d4 cxd4 4. c3 dxc3 5. Nxc3 e6 6. Bc4 Bb4 7. O-O Bxc3 8. bxc3 Nge7 9. Qe2 Ng6 10. Ba3 Qa5 11. Bd6 Qxc3 12. Rfd1 Qf6 13. Rac1 a6 14. a4 h5 15. Bb3 h4 16. h3 e5 17. Qb2 Rh5 18. Ba3 Nf4 19. Rd6 Ne6 20. Bxe6 fxe6 21. Qe2 Rh6 22. Bb2 Qe7 23. Ba3 Qf6 24. Bb2 Qf4 25. Rc5 b6 26. Rcxc6 dxc6 27. Bxe5 Qf7 28. Rxc6 b5 29. Ng5 Qe7 30. Qd2 Rg6 31. f4 Bd7 32. Rc7 Rc8 33. axb5 Rxc7 34. Bd6 Qd8 35. Bxc7 Qxc7 36. bxa6 Qb6+ 37. Kh2 Qxa6 38. Qb4 Qb5 39. Qd6 Rxg5 40. fxg5 Qxg5 41. Qb8+ Kf7 42. Qb7 Qg3+ 43. Kh1 Qe1+ 44. Kh2 Qd2 45. Qc7 Qd4 46. Qf4+ Qf6 47. Qc7 Qe7 48. Qf4+ Kg8 49. Kh1 Be8 50. Qb8 Kh7 51. Qf4 e5 52. Qf3 Qf6 53. Qg4 Qf4 54. Qh5+ Bxh5 0-1

[Event "Thüringenliga 2025/26"]
[Site "?"]
[Date "2025.10.26"]
[Round "2.5"]
[White "Geißhirt, Marco"]
[Black "Richter, Sebastian"]
[Result "1/2-1/2"]
[WhiteElo "1990"]
[BlackElo "1845"]
[WhiteFideId "-1"]
[BlackFideId "-1"]
[PlyCount "81"]
[GameId "546725123413"]
[EventDate "2025.09.14"]
[EventType "team-tourn"]
[EventRounds "9"]
[SourceTitle "Thueringer Schachbund"]
[Source "ThSB"]
[SourceDate "2025.09.14"]
[SourceVersion "1"]
[SourceVersionDate "2025.09.14"]
[SourceQuality "1"]
[WhiteTeam "Ilmenauer SV"]
[BlackTeam "fuß brothers Jena"]

1. c4 Nf6 2. g3 g6 3. Nc3 Bg7 4. Bg2 O-O 5. d4 d6 6. e4 Nbd7 7. Nge2 e5 8. d5 a5 9. a3 Nc5 10. b3 Nfd7 11. Rb1 f5 12. b4 axb4 13. axb4 Nxe4 14. Nxe4 fxe4 15. Bxe4 Nf6 16. Bg2 Bf5 17. Rb3 Qd7 18. O-O Ra1 19. Ra3 Ra8 20. Rxa8+ Rxa8 21. Nc3 Ra1 22. Qe2 Bh3 23. Qb2 Ra8 24. Rd1 Bxg2 25. Kxg2 Qf5 26. Qe2 Ra1 27. Nb5 Qb1 28. Nxc7 Bh6 29. f4 e4 30. Nb5 e3 31. Nc3 Qxb4 32. Qxe3 Bg7 33. Qe6+ Kf8 34. Ne4 Nxe4 35. Qxe4 Rxc1 36. Rxc1 Qd2+ 37. Kh3 Qxc1 38. Qe6 Qf1+ 39. Kh4 Qxc4 40. Qxd6+ Kg8 41. Qe6+ 1/2-1/2

[Event "Thüringenliga 2025/26"]
[Site "?"]
[Date "2025.10.26"]
[Round "2.6"]
[White "Latka, Robert"]
[Black "Schenk, Stefan"]
[Result "0-1"]
[WhiteElo "1850"]
[BlackElo "1930"]
[WhiteFideId "-1"]
[BlackFideId "-1"]
[PlyCount "132"]
[GameId "546725178462"]
[EventDate "2025.09.14"]
[EventType "team-tourn"]
[EventRounds "9"]
[SourceTitle "Thueringer Schachbund"]
[Source "ThSB"]
[SourceDate "2025.09.14"]
[SourceVersion "1"]
[SourceVersionDate "2025.09.14"]
[SourceQuality "1"]
[WhiteTeam "fuß brothers Jena"]
[BlackTeam "Ilmenauer SV"]

1. e4 c5 2. Nf3 d6 3. d4 cxd4 4. Nxd4 Nf6 5. Nc3 g6 6. f3 Bg7 7. Be3 Nc6 8. Qd2 O-O 9. O-O-O d5 10. Kb1 Nxd4 11. Bxd4 dxe4 12. fxe4 a6 13. Be2 e5 14. Bc5 Qxd2 15. Rxd2 Re8 16. Rhd1 Be6 17. Bb6 Bf8 18. Bf3 Bb4 19. Rd3 Rac8 20. Na4 Bc4 21. Rd8 Bb5 22. b3 Bxa4 23. bxa4 Kf8 24. R8d3 Ke7 25. Kb2 Bc5 26. a5 Bxb6 27. axb6 Rc6 28. Rb3 Nd7 29. Rb1 Rec8 30. c3 Nc5 31. Bg4 Rd8 32. Ra3 Rxb6+ 33. Kc2 Rxb1 34. Kxb1 Rd2 35. Bf3 f5 36. Kc1 Rd6 37. exf5 gxf5 38. c4 Rd3 39. Rxd3 Nxd3+ 40. Kd2 e4 41. Bd1 Kd6 42. Bc2 Nc5 43. Ke3 Ke5 44. g3 a5 45. h3 h6 46. Bb1 Ne6 47. Bc2 Ng5 48. h4 Nh7 49. Bb3 Nf6 50. Ba4 Ng4+ 51. Ke2 f4 52. gxf4+ Kxf4 53. Be8 b6 54. Bf7 Ne5 55. Bd5 Nf3 56. h5 Nd4+ 57. Kf2 Nf5 58. Bf7 e3+ 59. Ke2 Ng3+ 60. Ke1 e2 61. a4 Ke3 62. Bg6 Kd4 63. Bf7 Kd3 64. Bd5 Nxh5 65. Bf3 Nf4 66. Bg4 Ke3 0-1

[Event "Thüringenliga 2025/26"]
[Site "?"]
[Date "2025.10.26"]
[Round "2.7"]
[White "Michael, Torsten"]
[Black "Wolf, Jonas"]
[Result "1/2-1/2"]
[WhiteElo "1749"]
[BlackElo "1882"]
[WhiteFideId "-1"]
[BlackFideId "-1"]
[PlyCount "70"]
[GameId "546725203581"]
[EventDate "2025.09.14"]
[EventType "team-tourn"]
[EventRounds "9"]
[SourceTitle "Thueringer Schachbund"]
[Source "ThSB"]
[SourceDate "2025.09.14"]
[SourceVersion "1"]
[SourceVersionDate "2025.09.14"]
[SourceQuality "1"]
[WhiteTeam "Ilmenauer SV"]
[BlackTeam "fuß brothers Jena"]

1. e4 e6 2. d4 d5 3. Nc3 Nf6 4. exd5 exd5 5. Bd3 Bd6 6. Nf3 O-O 7. O-O c6 8. Ne2 Qc7 9. Ng3 Bg4 10. h3 Bxg3 11. hxg4 Bd6 12. g5 Nh5 13. Ne5 g6 14. Be2 Ng7 15. Ng4 Nd7 16. Nf6+ Nxf6 17. gxf6 Ne6 18. Bg4 Rfe8 19. c3 Bf4 20. Qd3 Bxc1 21. Raxc1 Qf4 22. Qf3 Qxf3 23. Bxf3 Ng5 24. Bg4 h5 25. Bd7 Red8 26. Bh3 Nxh3+ 27. gxh3 Re8 28. Rce1 Re6 29. Re5 Rxf6 30. Rfe1 Kf8 31. Kg2 b5 32. Re7 a5 33. Rc7 Re8 34. Rxe8+ Kxe8 35. a4 bxa4 1/2-1/2

[Event "Thüringenliga 2025/26"]
[Site "?"]
[Date "2025.10.26"]
[Round "2.8"]
[White "Richter, Jan"]
[Black "Ortlepp, Steffen"]
[Result "1/2-1/2"]
[WhiteElo "1887"]
[BlackElo "1813"]
[WhiteFideId "-1"]
[BlackFideId "-1"]
[PlyCount "23"]
[GameId "546725233799"]
[EventDate "2025.09.14"]
[EventType "team-tourn"]
[EventRounds "9"]
[SourceTitle "Thueringer Schachbund"]
[Source "ThSB"]
[SourceDate "2025.09.14"]
[SourceVersion "1"]
[SourceVersionDate "2025.09.14"]
[SourceQuality "1"]
[WhiteTeam "fuß brothers Jena"]
[BlackTeam "Ilmenauer SV"]

1. Nf3 c5 2. g3 b6 3. Bg2 Bb7 4. O-O g6 5. c4 Bg7 6. Nc3 Nf6 7. Re1 Nc6 8. e4 e5 9. d3 O-O 10. h3 d6 11. Be3 a6 12. Rb1 1/2-1/2

[Event "Thüringenliga 2025/26"]
[Site "?"]
[Date "2025.10.26"]
[Round "2.1"]
[White "Nguyen, Huy Dat"]
[Black "Junge, Mattheo Gabriel"]
[Result "1-0"]
[WhiteElo "2069"]
[BlackElo "1869"]
[WhiteFideId "-1"]
[BlackFideId "-1"]
[PlyCount "69"]
[GameId "546725329013"]
[EventDate "2025.09.14"]
[EventType "team-tourn"]
[EventRounds "9"]
[SourceTitle "Thueringer Schachbund"]
[Source "ThSB"]
[SourceDate "2025.09.14"]
[SourceVersion "1"]
[SourceVersionDate "2025.09.14"]
[SourceQuality "1"]
[WhiteTeam "SV Medizin Erfurt"]
[BlackTeam "SV Schott Jena"]

1. d4 Nf6 2. c4 g6 3. Nf3 Bg7 4. g3 O-O 5. Bg2 c6 6. O-O d5 7. Nc3 dxc4 8. e4 Bg4 9. Be3 e6 10. Qd2 Bxf3 11. Bxf3 Na6 12. Bg5 Qb6 13. e5 Nd5 14. Ne4 Qb4 15. Qc1 b5 16. Nf6+ Nxf6 17. exf6 Bh8 18. Bxc6 Rab8 19. a4 bxa4 20. Rxa4 Qb6 21. Rxc4 Qxb2 22. Qf4 Nb4 23. Be4 Nd5 24. Bxd5 exd5 25. Rc7 Rb7 26. Rfc1 Rxc7 27. Rxc7 a5 28. Qd6 Qb1+ 29. Rc1 Qb7 30. Kg2 a4 31. Rc7 Qb8 32. Qe7 Qd8 33. Rd7 Qe8 34. Bh6 Bxf6 35. Qxf6 1-0

[Event "Thüringenliga 2025/26"]
[Site "?"]
[Date "2025.10.26"]
[Round "2.2"]
[White "Abou Wally, Adrian"]
[Black "Wehner, Janis"]
[Result "0-1"]
[WhiteElo "1923"]
[BlackElo "2081"]
[WhiteFideId "-1"]
[BlackFideId "-1"]
[PlyCount "64"]
[GameId "546725359718"]
[EventDate "2025.09.14"]
[EventType "team-tourn"]
[EventRounds "9"]
[SourceTitle "Thueringer Schachbund"]
[Source "ThSB"]
[SourceDate "2025.09.14"]
[SourceVersion "1"]
[SourceVersionDate "2025.09.14"]
[SourceQuality "1"]
[WhiteTeam "SV Schott Jena"]
[BlackTeam "SV Medizin Erfurt"]

1. e4 c5 2. Nc3 Nc6 3. Bb5 g6 4. Nge2 Bg7 5. d3 Nd4 6. a4 e6 7. O-O Ne7 8. Bg5 h6 9. Bh4 O-O 10. Bc4 d6 11. f4 f5 12. Kh1 Kh7 13. Nxd4 cxd4 14. Ne2 Re8 15. c3 dxc3 16. Nxc3 Qd7 17. Bb5 Nc6 18. exf5 gxf5 19. Qh5 Rf8 20. Bg5 Qf7 21. Qh4 Nd4 22. Rae1 Kg6 23. Re3 hxg5 24. Rg3 g4 25. Ne4 Bf6 26. Ng5 Qe7 27. Rh3 gxh3 28. gxh3 Rh8 29. Qf2 Nxb5 30. Rg1 Bxg5 31. Rxg5+ Kf7 32. axb5 Bd7 0-1

[Event "Thüringenliga 2025/26"]
[Site "?"]
[Date "2025.10.26"]
[Round "2.3"]
[White "Kirschbaum, Gunnar"]
[Black "Kaipalath, Varun Raj"]
[Result "1-0"]
[WhiteElo "1991"]
[BlackElo "1853"]
[WhiteFideId "-1"]
[BlackFideId "-1"]
[PlyCount "63"]
[GameId "546725379728"]
[EventDate "2025.09.14"]
[EventType "team-tourn"]
[EventRounds "9"]
[SourceTitle "Thueringer Schachbund"]
[Source "ThSB"]
[SourceDate "2025.09.14"]
[SourceVersion "1"]
[SourceVersionDate "2025.09.14"]
[SourceQuality "1"]
[WhiteTeam "SV Medizin Erfurt"]
[BlackTeam "SV Schott Jena"]

1. d4 Nf6 2. c4 g6 3. Nc3 Bg7 4. e4 d6 5. f4 O-O 6. Nf3 c5 7. d5 e6 8. Be2 exd5 9. cxd5 Re8 10. e5 dxe5 11. fxe5 Ng4 12. Bg5 Qb6 13. O-O Nxe5 14. d6 Nxf3+ 15. Bxf3 Bd4+ 16. Kh1 Qxd6 17. Bd5 Bf5 18. Bxb7 Nd7 19. Nb5 Qb6 20. Nxd4 cxd4 21. Bxa8 Rxa8 22. Qf3 Rb8 23. Rae1 h5 24. Re7 Nc5 25. Rfe1 Ne6 26. Bf6 Qb4 27. Qg3 d3 28. a3 Qb6 29. Bc3 Rd8 30. Qe5 Kf8 31. Qf6 Ng5 32. Rxf7+ 1-0

[Event "Thüringenliga 2025/26"]
[Site "?"]
[Date "2025.10.26"]
[Round "2.4"]
[White "Babrikowski, Peter"]
[Black "Müller-Ludwig, Kristin"]
[Result "1-0"]
[WhiteElo "2082"]
[BlackElo "1965"]
[WhiteFideId "-1"]
[BlackFideId "-1"]
[PlyCount "61"]
[GameId "546725412325"]
[EventDate "2025.09.14"]
[EventType "team-tourn"]
[EventRounds "9"]
[SourceTitle "Thueringer Schachbund"]
[Source "ThSB"]
[SourceDate "2025.09.14"]
[SourceVersion "1"]
[SourceVersionDate "2025.09.14"]
[SourceQuality "1"]
[WhiteTeam "SV Schott Jena"]
[BlackTeam "SV Medizin Erfurt"]

1. e4 e6 2. d4 d5 3. Nd2 c5 4. exd5 Qxd5 5. c4 Qxd4 6. Ngf3 Qd6 7. Qc2 Nf6 8. Ne4 Nxe4 9. Qxe4 Nd7 10. Bf4 Nf6 11. Qe3 Qd8 12. Bd3 Bd6 13. O-O-O Ng4 14. Qd2 Qc7 15. Bxd6 Qxd6 16. Rhe1 h6 17. h3 Nf6 18. Ne5 Qd4 19. g4 Nd7 20. Nf3 Qf6 21. Re3 Nf8 22. h4 Bd7 23. Be4 Ba4 24. Rde1 Qe7 25. Qa5 Bc6 26. Bxc6+ bxc6 27. Rd1 Ng6 28. h5 Nf4 29. Re4 g5 30. Ne5 Rd8 31. Rxd8+ 1-0

[Event "Thüringenliga 2025/26"]
[Site "?"]
[Date "2025.10.26"]
[Round "2.5"]
[White "Nguyen, Ha Thanh"]
[Black "Brömel, Richard"]
[Result "0-1"]
[WhiteElo "1887"]
[BlackElo "1972"]
[WhiteFideId "-1"]
[BlackFideId "-1"]
[PlyCount "134"]
[GameId "546725453633"]
[EventDate "2025.09.14"]
[EventType "team-tourn"]
[EventRounds "9"]
[SourceTitle "Thueringer Schachbund"]
[Source "ThSB"]
[SourceDate "2025.09.14"]
[SourceVersion "1"]
[SourceVersionDate "2025.09.14"]
[SourceQuality "1"]
[WhiteTeam "SV Medizin Erfurt"]
[BlackTeam "SV Schott Jena"]

1. e4 c6 2. d4 g6 3. Nc3 d5 4. f3 Bg7 5. Be3 dxe4 6. fxe4 Nf6 7. h3 b6 8. Bd3 Ba6 9. Nge2 O-O 10. O-O Bxd3 11. Qxd3 Nbd7 12. e5 Nd5 13. Nxd5 cxd5 14. Nf4 e6 15. Bd2 Re8 16. Rae1 Rc8 17. c3 Rc6 18. Qg3 Qe7 19. Nd3 f6 20. Nb4 Rcc8 21. Nxd5 Qd8 22. exf6 Nxf6 23. Nxf6+ Bxf6 24. Qf4 Kg7 25. Qh6+ Kg8 26. Bf4 Bg7 27. Qg5 Qxg5 28. Bxg5 e5 29. d5 Bf8 30. Re4 Rc5 31. Rd1 Bd6 32. Be3 Rc7 33. c4 Kg7 34. b3 Rf8 35. Rh4 h5 36. Re4 Rb8 37. Rc1 Kf6 38. Rf1+ Kg7 39. Bg5 Rf7 40. Rxf7+ Kxf7 41. Kf2 b5 42. Ke3 a5 43. Kd3 a4 44. Bd2 Kf6 45. g4 hxg4 46. hxg4 axb3 47. axb3 bxc4+ 48. Kxc4 Rc8+ 49. Kb5 Rc5+ 50. Kb6 Rxd5 51. Be3 Rd3 52. Kc6 Ke6 53. b4 Bxb4 54. Bg5 Bd2 55. Bh4 Rc3+ 56. Kb5 Kd5 57. Re2 Bf4 58. Bf2 Rb3+ 59. Ka4 Rb1 60. Ka3 e4 61. Ka2 Rb7 62. Re1 Ke5 63. Rb1 Rxb1 64. Kxb1 e3 65. Be1 Ke4 66. Kc2 Kf3 67. Kd3 g5 0-1

[Event "Thüringenliga 2025/26"]
[Site "?"]
[Date "2025.10.26"]
[Round "2.6"]
[White "Bönisch, Julian"]
[Black "Jakob, Matthias"]
[Result "1/2-1/2"]
[WhiteElo "1851"]
[BlackElo "1963"]
[WhiteFideId "-1"]
[BlackFideId "-1"]
[PlyCount "41"]
[GameId "546725607443"]
[EventDate "2025.09.14"]
[EventType "team-tourn"]
[EventRounds "9"]
[SourceTitle "Thueringer Schachbund"]
[Source "ThSB"]
[SourceDate "2025.09.14"]
[SourceVersion "1"]
[SourceVersionDate "2025.09.14"]
[SourceQuality "1"]
[WhiteTeam "SV Schott Jena"]
[BlackTeam "SV Medizin Erfurt"]

1. Nf3 Nc6 2. g3 e5 3. d3 Bc5 4. Bg2 d6 5. O-O h5 6. h4 Bg4 7. e4 Qd7 8. c3 a5 9. Be3 Bxe3 10. fxe3 f6 11. Qb3 Be6 12. Qb5 Nd8 13. Qxd7+ Bxd7 14. d4 Nh6 15. c4 Ng4 16. Re1 Ne6 17. Nc3 O-O 18. Rad1 Rad8 19. Bh3 g6 20. Re2 Bc8 21. Nd5 1/2-1/2

[Event "Thüringenliga 2025/26"]
[Site "?"]
[Date "2025.10.26"]
[Round "2.7"]
[White "Reichel, Norbert"]
[Black "Jung, Florian"]
[Result "1/2-1/2"]
[WhiteElo "1906"]
[BlackElo "1961"]
[WhiteFideId "-1"]
[BlackFideId "-1"]
[PlyCount "31"]
[GameId "546725628826"]
[EventDate "2025.09.14"]
[EventType "team-tourn"]
[EventRounds "9"]
[SourceTitle "Thueringer Schachbund"]
[Source "ThSB"]
[SourceDate "2025.09.14"]
[SourceVersion "1"]
[SourceVersionDate "2025.09.14"]
[SourceQuality "1"]
[WhiteTeam "SV Medizin Erfurt"]
[BlackTeam "SV Schott Jena"]

1. c4 e5 2. g3 Nc6 3. Bg2 Nf6 4. Nc3 g6 5. d3 Bg7 6. Rb1 a5 7. a3 O-O 8. b4 axb4 9. axb4 Ne7 10. Nf3 d6 11. O-O h6 12. Bd2 Rb8 13. b5 b6 14. Ra1 Bb7 15. Ra7 Qc8 16. Qc2 1/2-1/2